000 00323nam a22001457a 4500
008 231124b ||||| |||| 00| 0 eng d
020 _a9780140094862
041 _aeng
080 _a618
082 _a618ROT
100 _a15
101 _aGJINEK
245 _aTHE TENTATIVE PREGNANCU
_cROTHMAN .K.B
942 _2udc
_cBK
999 _c60518
_d60518